00362nam a22001337a 450000500170000000800410001702000180005805000230007610000170009924500540011625000080017026000360017830000140021420250219082847.0250219b |||||||| |||| 00| 0 eng d a9781844805686 aHF5657b.A.D78 DUR aDrury, Colin a Student's manual Management and cost accounting  a7th aAustraliabSouth-Westerncc2008 avii, 430p